[Event "Zalakaros Open"]
[Site "Zalakaros"]
[Date "1994.??.??"]
[Round "7"]
[White "Portisch, Gabor"]
[Black "Varga, Zoltan"]
[Result "0-1"]
[WhiteElo "2290"]
[BlackElo "2470"]
[PlyCount "94"]
[EventDate "1994.??.??"]
[Source "www.chesslib.no"]
[SourceDate "2004.05.04"]

1. d4 d5 2. Nc3 Bf5 3. f3 Nf6 4. Bg5 Nbd7 5. Nxd5 Nxd5 6. e4 h6 7. Bh4 c6 8. exf5 Ne3 9. Qd2 Nxf5 10. Bf2 e6 11. Bd3 Qf6 12. Ne2 Bd6 13. O-O-O O-O-O 14. Kb1 Kb8 15. g4 Ne7 16. f4 g6 17. c4 Bc7 18. Rhf1 h5 19. g5 Qg7 20. Qb4 Rhe8 21. Be4 Qf8 22. Qa4 Nb6 23. Qc2 Nf5 24. Rd3 Nd6 25. Bxc6 bxc6 26. c5 Nd5 27. cxd6 Qxd6 28. Rb3+ Ka8 29. Rc1 Rb8 30. Rxb8+ Bxb8 31. Nc3 Nb4 32. Qa4 Rc8 33. Ne4 Qd5 34. Nc5 Qf5+ 35. Ka1 Nd5 36. Nb3 Nb6 37. Qa6 Qb5 38. Qxb5 cxb5 39. Rxc8 Nxc8 40. Be3 Ne7 41. Nc5 Nf5 42. Bf2 Bxf4 43. h4 Bg3 44. Bxg3 Nxg3 45. Nd7 Nf5 46. Ne5 Nxh4 47. Kb1 Nf5 0-1

[Event "Corr"]
[Site "?"]
[Date "1998.01.05"]
[Round "?"]
[White "Schneider Frank"]
[Black "Vigfusson Vigfus"]
[Result "1/2-1/2"]
[WhiteElo "2360"]
[BlackElo "2395"]
[PlyCount "136"]
[EventDate "1998.??.??"]
[Source "www.chesslib.no"]
[SourceDate "2004.05.04"]

1. d4 d5 2. Nc3 Bf5 3. Bg5 h6 4. Bh4 c6 5. f3 Qb6 6. e4 Bg6 7. Qd2 e6 8. O-O-O Be7 9. Bxe7 Nxe7 10. h4 Nd7 11. Na4 Qc7 12. h5 Bh7 13. Bd3 dxe4 14. fxe4 O-O 15. Nf3 c5 16. Qc3 c4 17. Qxc4 Qxc4 18. Bxc4 Bxe4 19. Nc3 Bxf3 20. gxf3 Rfd8 21. Bd3 Nf6 22. Be4 Rd7 23. Ne2 Ned5 24. c3 Rc8 25. Kd2 b5 26. Bd3 a6 27. a3 Nb6 28. b3 Rcd8 29. f4 Rd5 30. c4 bxc4 31. bxc4 Ra5 32. Rb1 Nc8 33. Rb8 Rxa3 34. Rhb1 Kf8 35. c5 Nd5 36. R1b7 Ra2+ 37. Bc2 Ra5 38. f5 Nde7 39. Rc7 e5 40. Bb3 exd4 41. Kd3 Ra3 42. Nxd4 a5 43. Kc4 a4 44. Bc2 Ra2 45. Be4 Rd2 46. Nb5 Rh2 47. Nc3 Rh4 48. Rbb7 f6 49. Rb8 Ke8 50. Rbb7 Nxf5 51. Kb5 Nce7 52. Bxf5 Nxf5 53. Nxa4 Rxh5 54. Kb6 Rh4 55. Nc3 Rb4+ 56. Nb5 Rb2 57. Kc6 Rc2 58. Rxg7 Nxg7 59. Rxg7 Kf8 60. Rh7 Kg8 61. Rxh6 Kg7 62. Rh5 Kg6 63. Rd5 Rf8 64. Kd7 Rf7+ 65. Kd6 f5 66. Nd4 Rf6+ 67. Kd7 Ra2 68. Rxf5 Ra7+ 1/2-1/2

[Event "Memorial Em.Lasker (open)"]
[Site "Barlinek (Poland)"]
[Date "2007.06.06"]
[Round "5"]
[White "Trifonov Denis (BLR)"]
[Black "Urban Klaudiusz (POL)"]
[Result "0-1"]
[WhiteElo "2291"]
[BlackElo "2464"]
[PlyCount "88"]
[EventDate "2007.??.??"]
[Source "www.chesslib.no"]
[SourceDate "2004.05.04"]

1. d4 d5 2. Nc3 c5 3. e4 dxe4 4. d5 Nf6 5. f3 exf3 6. Nxf3 g6 7. Bf4 Bg7 8. Nb5 Na6 9. Bc4 O-O 10. O-O Bd7 11. Nc3 Ne8 12. Be5 Nac7 13. Bxg7 Kxg7 14. Qe2 Nd6 15. Rae1 Re8 16. a4 a6 17. Ne5 f6 18. Nxd7 Qxd7 19. a5 Ncb5 20. Ne4 Nxe4 21. Qxe4 Nd6 22. Qh4 g5 23. Qh5 Nxc4 24. b3 Nd6 25. Re6 Nf7 26. c4 Qc7 27. Qe2 Rad8 28. h4 Rd6 29. Rfxf6 exf6 30. Rxe8 Rd8 31. Re4 h6 32. h5 Ne5 33. Qc2 Qf7 34. g4 Re8 35. Kg2 Nd7 36. d6 Rxe4 37. Qxe4 Ne5 38. Qe2 Qd7 39. Qd1 Kf8 40. Kg3 Nf7 41. Qf3 Qxd6+ 42. Kh3 Qc6 43. Qd3 Qh1+ 44. Kg3 Qh4+ 0-1

[Event "BL2-Nord 0304"]
[Site "Germany"]
[Date "2004.??.??"]
[Round "?.4"]
[White "Lindinger, Markus"]
[Black "Pedersen, Steffen"]
[Result "0-1"]
[WhiteElo "2335"]
[BlackElo "2415"]
[PlyCount "76"]
[EventDate "2003.10.??"]
[Source "Roberto Alvarez"]
[SourceDate "2004.07.26"]

1. d4 d5 2. Nc3 c6 3. Nf3 Bf5 4. Bf4 e6 5. e3 Bd6 6. Bg3 Nf6 7. Bd3 Bxd3 8. Qxd3 Bxg3 9. hxg3 h6 10. O-O-O Nbd7 11. Rh4 Qa5 12. Ne5 Nxe5 13. dxe5 Nd7 14. f4 O-O-O 15. Kb1 Kb8 16. g4 Nc5 17. Qe2 Rhf8 18. Rhh1 Qc7 19. e4 Qb6 20. exd5 cxd5 21. Ka1 Rd7 22. Qb5 Qc7 23. Rd4 a6 24. Qb4 Rc8 25. Rc1 Qd8 26. Na4 Nxa4 27. Qxa4 Rdc7 28. g3 Rc4 29. Rxc4 dxc4 30. Qb4 Qd7 31. Qd6+ Qxd6 32. exd6 Rc5 33. a4 Kc8 34. Re1 Kd7 35. Ka2 Kxd6 36. b4 cxb3+ 37. Kxb3 Rd5 38. Re3 Rd1 0-1

[Event "Corr"]
[Site "?"]
[Date "1995.??.??"]
[Round "?"]
[White "Pecot Laurent"]
[Black "Neves Jose Joaquim A Cost"]
[Result "1-0"]
[WhiteElo "2505"]
[BlackElo "2245"]
[PlyCount "103"]
[EventDate "1995.??.??"]
[Source "www.chesslib.no"]
[SourceDate "2004.05.04"]

1. d4 d5 2. Nc3 Nf6 3. f3 Bf5 4. g4 Bg6 5. h4 h6 6. Nh3 e6 7. Nf4 Bh7 8. Be3 c5 9. g5 Nfd7 10. g6 Bxg6 11. Nxg6 fxg6 12. Qd3 Qf6 13. Nb5 c4 14. Qd2 Qd8 15. Bf4 Na6 16. c3 Qb6 17. a4 Be7 18. Qe3 Rf8 19. Kd1 Rc8 20. Bh3 Rc6 21. Rg1 Bf6 22. Qd2 Nab8 23. e4 a6 24. Na3 dxe4 25. fxe4 e5 26. Be3 exd4 27. cxd4 Qb3+ 28. Ke2 Bxh4 29. Qc3 Qxa4 30. e5 Qb3 31. d5 Qxc3 32. bxc3 Rc7 33. d6 Rc6 34. Rxg6 Kf7 35. Rg4 Nxe5 36. Rxh4 Rxd6 37. Rf1+ Rf6 38. Rxf6+ gxf6 39. Nxc4 Nbc6 40. Nd6+ Ke7 41. Bc5 Rh8 42. Nxb7+ Kf7 43. Nd6+ Kg6 44. Bc8 a5 45. Rh1 Nf7 46. Bf5+ Kg7 47. Rb1 Nxd6 48. Bxd6 Re8+ 49. Kf2 Rd8 50. Rb7+ Kg8 51. Bf4 h5 52. Bh6 1-0

[Event "Moscow7"]
[Site "Moscow RUS"]
[Date "1995.??.??"]
[Round "?"]
[White "Aronian, Levon"]
[Black "Annakov, Babakuli"]
[Result "1-0"]
[WhiteElo "2330"]
[BlackElo "2420"]
[PlyCount "71"]
[EventDate "1995.??.??"]
[Source "www.chesslib.no"]
[SourceDate "2004.05.04"]

1. d4 d5 2. Nc3 c5 3. e4 cxd4 4. Qxd4 Nc6 5. Qxd5 Bd7 6. Nf3 Nf6 7. Qd1 e5 8. Bd3 Bb4 9. Bd2 O-O 10. h3 Re8 11. Ne2 Bxd2+ 12. Qxd2 Qb6 13. c3 Rad8 14. Qc2 Rc8 15. Qb3 Qa5 16. O-O Be6 17. Qc2 b5 18. Ng5 Bc4 19. Nf3 Rcd8 20. Bxc4 bxc4 21. b4 cxb3 22. axb3 Qb6 23. Ra4 a6 24. Nd2 Qc5 25. Nc4 a5 26. Rfa1 Ra8 27. Nc1 Red8 28. Ne3 Qd6 29. b4 Rac8 30. bxa5 Nd4 31. Qb2 Rb8 32. Qa2 Ne6 33. Nb3 Qd3 34. a6 Qxc3 35. a7 Rxb3 36. Rc4 1-0

[Event "Oberliga Nord N 9596"]
[Site "GER"]
[Date "1996.??.??"]
[Round "?"]
[White "Oliwa, Marek"]
[Black "Storm, Roland"]
[Result "1-0"]
[WhiteElo "2440"]
[BlackElo "2305"]
[PlyCount "71"]
[EventDate "1995.10.??"]
[Source "www.chesslib.no"]
[SourceDate "2004.05.04"]

1. d4 d5 2. Nc3 c6 3. f3 g6 4. e4 Bg7 5. Be3 e6 6. Qd2 Nd7 7. O-O-O Nb6 8. Kb1 Bd7 9. h4 h6 10. Bd3 Qe7 11. Nge2 O-O-O 12. Bf4 dxe4 13. Nxe4 e5 14. dxe5 Bxe5 15. Qa5 Bb8 16. Rhe1 Nf6 17. Nc5 Nfd5 18. Ba6 Bxf4 19. Bxb7+ Kb8 20. Nxf4 Qd6 21. Nxd5 cxd5 22. Bxd5 Bc8 23. c4 Rhe8 24. Rxe8 Rxe8 25. Na6+ Bxa6 26. Qxa6 Re7 27. Qb5 Rc7 28. Qe8+ Nc8 29. Rd3 a6 30. Rb3+ Ka7 31. Qe3+ Nb6 32. a4 Rc5 33. Rd3 f5 34. b4 Rxd5 35. cxd5 Qxb4+ 36. Rb3 1-0

[Event "Seefeld op"]
[Site "?"]
[Date "1997.??.??"]
[Round "?"]
[White "Schumacher Helmut"]
[Black "Timoscenko Genadij"]
[Result "0-1"]
[WhiteElo "2195"]
[BlackElo "2540"]
[PlyCount "80"]
[EventDate "1997.??.??"]
[Source "www.chesslib.no"]
[SourceDate "2004.05.04"]

1. d4 d5 2. Nc3 Bf5 3. Bf4 e6 4. e3 Bd6 5. Bxd6 cxd6 6. Bd3 Bg6 7. Nf3 Nf6 8. Bxg6 hxg6 9. Qd3 Nbd7 10. O-O Rc8 11. Rfe1 Qc7 12. Re2 Qc6 13. Nd2 O-O 14. e4 dxe4 15. Ndxe4 d5 16. Ng5 a6 17. Rae1 b5 18. a3 Qc4 19. Qe3 a5 20. Nd1 b4 21. axb4 axb4 22. c3 Rc6 23. Qd2 bxc3 24. Nxc3 Rb8 25. Ra1 Rcb6 26. Nd1 Rb4 27. Nf3 Ne4 28. Qe1 Qc7 29. Re3 g5 30. h3 Ndf6 31. Rea3 g4 32. hxg4 Nxg4 33. Ra8 Rb3 34. Nc3 Ngxf2 35. Nxe4 Nxe4 36. Ne5 Rxb2 37. R8a7 Qc2 38. Qf1 Rb1 39. Rxf7 Rxf1+ 40. Raxf1 Rb2 0-1

[Event "Corr"]
[Site "?"]
[Date "2000.10.15"]
[Round "?"]
[White "Lykke Hans Chr.(DEN)"]
[Black "Lannaioli Alfonsino (ITA)"]
[Result "1-0"]
[WhiteElo "2439"]
[BlackElo "2296"]
[PlyCount "47"]
[EventDate "2000.??.??"]
[Source "www.chesslib.no"]
[SourceDate "2004.05.04"]

1. d4 d5 2. Nc3 Nf6 3. e4 dxe4 4. f3 exf3 5. Qxf3 Qxd4 6. Be3 Qg4 7. Qf2 e5 8. a3 Bd6 9. Nf3 Nc6 10. O-O-O a6 11. h3 Qe6 12. Ng5 Qe7 13. Bc4 O-O 14. Kb1 h6 15. Rhf1 hxg5 16. Bxg5 Be6 17. Qh4 Bxa3 18. Bxf6 Qb4 19. Na4 Rfd8 20. Rxd8+ Rxd8 21. Bxe6 gxf6 22. Bxf7+ Kxf7 23. Qxf6+ Kg8 24. Qg5+ 1-0

[Event "RUS-chT"]
[Site "?"]
[Date "1996.??.??"]
[Round "?"]
[White "Hasangatin Ramil"]
[Black "Kekov Alexandr"]
[Result "1/2-1/2"]
[WhiteElo "2400"]
[BlackElo "2335"]
[PlyCount "126"]
[EventDate "1996.??.??"]
[Source "www.chesslib.no"]
[SourceDate "2004.05.04"]

1. d4 d5 2. Nc3 c6 3. Bg5 Bf5 4. e3 Nf6 5. Bxf6 gxf6 6. Bd3 Bg6 7. f4 Bxd3 8. cxd3 e6 9. Qh5 f5 10. Nf3 Qf6 11. Ne5 Nd7 12. Nxd7 Kxd7 13. O-O Bb4 14. Rac1 Rag8 15. Qd1 Bxc3 16. Rxc3 Rg4 17. b4 Rhg8 18. Rc2 Qh6 19. Qf3 Rh4 20. g3 Rhg4 21. Rg2 Qh3 22. b5 h5 23. bxc6+ bxc6 24. Rb1 Rc8 25. Rb7+ Rc7 26. Rgb2 h4 27. Qg2 Qxg2+ 28. Kxg2 Rg7 29. a4 a5 30. R2b6 hxg3 31. h3 Rg8 32. Rxc7+ Kxc7 33. Ra6 Rb8 34. Rxa5 Rb2+ 35. Kxg3 Re2 36. Ra7+ Kb6 37. Kf3 Rh2 38. Rxf7 Rxh3+ 39. Kf2 Rh2+ 40. Kg3 Rh6 41. Re7 Ka5 42. Ra7+ Kb4 43. a5 Kb5 44. Ra8 Rh7 45. a6 Kb6 46. Rd8 Kxa6 47. Rd6 Re7 48. Rxc6+ Kb7 49. Rc2 Rh7 50. Rh2 Rg7+ 51. Kf3 Kc6 52. Rh6 Kd7 53. Kf2 Ke7 54. Rh8 Kf6 55. Rf8+ Ke7 56. Ra8 Rg4 57. Ra7+ Kf6 58. Rh7 Rg6 59. Rh1 Rg8 60. Rh6+ Ke7 61. Rh1 Kf6 62. Kf3 Ra8 63. Rh6+ Ke7 1/2-1/2

[Event "Sarospatak Open"]
[Site "Sarospatak"]
[Date "1994.??.??"]
[Round "?"]
[White "Vajda, Albert 1"]
[Black "Varga, Peter"]
[Result "0-1"]
[WhiteElo "2400"]
[BlackElo "2330"]
[PlyCount "76"]
[EventDate "1994.??.??"]
[Source "www.chesslib.no"]
[SourceDate "2004.05.04"]

1. d4 d5 2. Nc3 Nf6 3. Bf4 c6 4. e3 Bf5 5. Nf3 h6 6. h3 Qb6 7. Na4 Qa5+ 8. c3 e6 9. b4 Qd8 10. Be2 Ne4 11. Rc1 Nd7 12. O-O Bd6 13. Ne5 Qe7 14. Nd3 Bxf4 15. Nxf4 O-O 16. Bd3 b6 17. Nb2 Rfc8 18. Qe1 e5 19. Ne2 Qg5 20. Ng3 Nxg3 21. fxg3 Be6 22. e4 dxe4 23. Qxe4 g6 24. Qh4 Qxh4 25. gxh4 exd4 26. cxd4 Bxa2 27. Nc4 Rc7 28. Nd6 Nf8 29. Ne4 Ne6 30. d5 Bxd5 31. b5 Kg7 32. Nf6 Rd8 33. Bb1 c5 34. Rcd1 Nd4 35. h5 Bc4 36. hxg6 fxg6 37. Bd3 Bxd3 38. Rxd3 Rf7 0-1

[Event "11th Fair Play Trophy"]
[Site "Techirghiol"]
[Date "2003.07.07"]
[Round "7"]
[White "Kostic, Nebojsa"]
[Black "Vioreanu, Bogdan"]
[Result "1-0"]
[WhiteElo "2334"]
[BlackElo "2395"]
[PlyCount "71"]
[EventDate "2003.07.01"]
[Source "Roberto Alvarez"]
[SourceDate "2003.07.14"]

1. d4 d5 2. Nc3 Bf5 3. f3 e5 4. dxe5 Bb4 5. e3 Nc6 6. Bb5 Nge7 7. Nge2 a6 8. Bxc6+ Nxc6 9. f4 Qh4+ 10. g3 Qh3 11. Qxd5 Rd8 12. Qf3 Bxc2 13. Kf2 h5 14. Nd5 h4 15. Nxc7+ Kf8 16. Nd5 hxg3+ 17. Nxg3 Qe6 18. Nc3 Qc4 19. Nce2 Bc5 20. a3 a5 21. b4 axb4 22. axb4 Bxb4 23. Ba3 g6 24. h4 Qb3 25. Bxb4+ Nxb4 26. Nd4 Qd3 27. Nge2 Nd5 28. Rhc1 Rxh4 29. Rxc2 Nxe3 30. Rc3 Nd1+ 31. Kg3 Qd2 32. Rxd1 Qxd1 33. Kxh4 Kg7 34. Rc1 Qd2 35. Qc3 Qa2 36. e6 1-0

[Event "Dato Arthur Tan Malaysian Op"]
[Site "Kuala Lumpur MAS"]
[Date "2007.08.20"]
[Round "2"]
[White "Liew Chee Meng, Jimmy"]
[Black "Tirto"]
[Result "1-0"]
[WhiteElo "2309"]
[BlackElo "2418"]
[PlyCount "79"]
[EventDate "2007.08.20"]
[Source "www.chesslib.no"]
[SourceDate "2004.05.04"]

1. d4 d5 2. Nc3 Bf5 3. f3 Nf6 4. Bg5 c6 5. Qd2 Nbd7 6. g4 Bg6 7. e3 e6 8. h4 h5 9. Bxf6 Nxf6 10. g5 Ng8 11. Nge2 Bd6 12. Bg2 Ne7 13. e4 Qb8 14. e5 Bc7 15. Nd1 b6 16. Ne3 c5 17. c3 Qc8 18. Nf4 b5 19. O-O Bb6 20. Kh1 b4 21. Rac1 bxc3 22. bxc3 Qa6 23. Nxg6 Nxg6 24. f4 Nxh4 25. f5 Nxg2 26. Qxg2 Qd3 27. g6 Qxe3 28. gxf7+ Kf8 29. fxe6 Qh6 30. dxc5 Bc7 31. c4 Rb8 32. cxd5 Rb4 33. e7+ Kxe7 34. d6+ Kd7 35. Qh3+ Rg4 36. c6+ Kc8 37. f8=Q+ Rxf8 38. Rxf8+ Bd8 39. Rb1 Qg5 40. c7 1-0

[Event "Corr"]
[Site "?"]
[Date "2002.09.15"]
[Round "?"]
[White "Kucukali Arif (TUR)"]
[Black "Lamarche Rodriguez Luis (CUB)"]
[Result "1/2-1/2"]
[WhiteElo "2309"]
[BlackElo "2414"]
[PlyCount "66"]
[EventDate "2002.??.??"]
[Source "www.chesslib.no"]
[SourceDate "2004.05.04"]

1. d4 d5 2. Nc3 Nf6 3. e4 dxe4 4. f3 exf3 5. Nxf3 g6 6. Bf4 Bg7 7. Bc4 O-O 8. Qe2 c6 9. O-O b5 10. Bb3 a5 11. a3 Bg4 12. Rad1 b4 13. axb4 axb4 14. Ne4 Nd5 15. Qd2 Nd7 16. Bh6 Qb6 17. Bxg7 Kxg7 18. Qg5 f5 19. Bxd5 cxd5 20. Nc5 Nxc5 21. Qxe7+ Rf7 22. dxc5 Rxe7 23. cxb6 Ra5 24. Ra1 Rb5 25. Nd4 Rxb6 26. Ra5 Re5 27. h3 Bh5 28. g3 Rb7 29. Rfa1 g5 30. Ra7 Rf7 31. R1a4 Rxa7 32. Rxa7+ Kf6 33. Ra6+ Kf7 1/2-1/2

[Event "75th ch-GER"]
[Site "Hoeckendorf"]
[Date "2004.02.03"]
[Round "5"]
[White "Wisnewski, Christoph"]
[Black "Dresen, Ulrich"]
[Result "1-0"]
[WhiteElo "2409"]
[BlackElo "2312"]
[PlyCount "109"]
[EventDate "2004.01.30"]
[Source "Roberto Alvarez"]
[SourceDate "2004.02.09"]

1. d4 d5 2. Nc3 Bf5 3. Bg5 f6 4. Bh4 e6 5. f3 Bb4 6. a3 Bxc3+ 7. bxc3 Ne7 8. Nh3 c5 9. e4 Bxh3 10. gxh3 Qa5 11. Qd2 Nbc6 12. Rb1 cxd4 13. Rxb7 O-O 14. cxd4 Qxd2+ 15. Kxd2 Rab8 16. Rxb8 Rxb8 17. Bf2 Rb1 18. Bg2 Rb2 19. Ra1 Na5 20. Bf1 Nc8 21. Kc1 Rb6 22. exd5 exd5 23. Bg3 Re6 24. Rb1 Nb6 25. Rb5 Nc6 26. c3 Ne7 27. Kd2 Nf5 28. Bd3 Ne3 29. Kc1 g6 30. a4 Nxa4 31. Ra5 Nb6 32. Rxa7 Nec4 33. Bf2 Re8 34. Kc2 f5 35. Kb3 f4 36. Kb4 Ne3 37. Kc5 Nbc4 38. Bxc4 Rc8+ 39. Kd6 Rxc4 40. Bxe3 fxe3 41. Re7 Rxc3 42. Kxd5 Kf8 43. Re4 Kf7 44. Kd6 Ra3 45. d5 Ra6+ 46. Kc5 Ra2 47. Rxe3 Rxh2 48. d6 h5 49. Re7+ Kf6 50. Re4 Rc2+ 51. Kd5 g5 52. d7 Rd2+ 53. Rd4 Rxd4+ 54. Kxd4 Ke7 55. Ke5 1-0

[Event "Nice ol (Men)"]
[Site "Nice FRA"]
[Date "1974.??.??"]
[Round "7"]
[White "Belkadi, Ridha"]
[Black "Hoen, Ragnar H"]
[Result "1/2-1/2"]
[WhiteElo "2340"]
[BlackElo "2380"]
[PlyCount "44"]
[EventDate "1974.06.06"]
[Source "www.chesslib.no"]
[SourceDate "2004.05.04"]

1. d4 d5 2. Nc3 f5 3. Bg5 Nf6 4. e3 e6 5. Nf3 Nc6 6. Bb5 Bd7 7. Ne5 Be7 8. Bxc6 Bxc6 9. Nxc6 bxc6 10. Bxf6 Bxf6 11. O-O e5 12. Qd3 g6 13. f4 exd4 14. exd4 O-O 15. Na4 Rb8 16. c3 Qd6 17. b4 Rfe8 18. Nc5 Re7 19. Rae1 Rbe8 20. Re5 Bxe5 21. fxe5 Qd8 22. Qa6 Qa8 1/2-1/2

[Event "Bucharest"]
[Site "Bucharest ROM"]
[Date "1995.??.??"]
[Round "9"]
[White "Khachiyan, Melikset"]
[Black "Vajda, Levente"]
[Result "1-0"]
[WhiteElo "2400"]
[BlackElo "2320"]
[PlyCount "75"]
[EventDate "1995.??.??"]
[Source "www.chesslib.no"]
[SourceDate "2004.05.04"]

1. d4 d5 2. Nc3 f5 3. Nf3 e6 4. Bf4 Nf6 5. e3 c6 6. Bd3 Bd6 7. Ne5 O-O 8. h3 Qc7 9. Qd2 b5 10. g4 b4 11. Na4 Ne4 12. Bxe4 fxe4 13. Nc5 Na6 14. Nxa6 Bxa6 15. f3 exf3 16. Kf2 c5 17. c3 bxc3 18. bxc3 Rab8 19. Rab1 Rxb1 20. Rxb1 g5 21. Bg3 cxd4 22. exd4 h6 23. Qc2 Qg7 24. Rh1 Rc8 25. h4 gxh4 26. Rxh4 Bb4 27. Qa4 Bxc3 28. g5 Be2 29. Rxh6 Be1+ 30. Kxe1 Rc1+ 31. Kf2 Rf1+ 32. Ke3 Qxg5+ 33. Bf4 Qg1+ 34. Kd2 Rd1+ 35. Kc2 Rc1+ 36. Kb2 Rb1+ 37. Ka3 Bb5 38. Qc2 1-0

[Event "Zadar op"]
[Site "?"]
[Date "2001.12.19"]
[Round "5"]
[White "Mestrovic Zvonimir"]
[Black "Kuljasevic Davorin"]
[Result "1-0"]
[WhiteElo "2419"]
[BlackElo "2298"]
[PlyCount "83"]
[EventDate "2001.??.??"]
[Source "www.chesslib.no"]
[SourceDate "2004.05.04"]

1. d4 d5 2. Nc3 Bf5 3. Nf3 c6 4. g3 h6 5. Bg2 Nf6 6. O-O Nbd7 7. Nd2 e6 8. e4 dxe4 9. Ncxe4 Be7 10. c3 O-O 11. Qb3 Qb6 12. Nxf6+ Nxf6 13. Nc4 Qxb3 14. axb3 Bd3 15. Re1 Bxc4 16. bxc4 Rfd8 17. b4 a6 18. Bf4 Rac8 19. h3 Rd7 20. Reb1 Bd6 21. Bxd6 Rxd6 22. f4 Ne8 23. Kf2 Nc7 24. Ra5 g6 25. Rc5 Rb8 26. g4 Kf8 27. h4 Kg7 28. h5 f5 29. Rg1 fxg4 30. Be4 Nd5 31. cxd5 exd5 32. Bxd5 cxd5 33. Rxg4 Rf8 34. Kg3 Rf5 35. hxg6 Rxg6 36. b5 h5 37. Rxg6+ Kxg6 38. bxa6 bxa6 39. Ra5 Rf6 40. Rxd5 Rc6 41. Rc5 Rd6 42. Rg5+ 1-0

[Event "Roosendaal"]
[Site "Roosendaal"]
[Date "1983.??.??"]
[Round "?"]
[White "Penson, Thierry"]
[Black "Boey, Jozef M"]
[Result "0-1"]
[WhiteElo "2300"]
[BlackElo "2415"]
[PlyCount "67"]
[EventDate "1983.??.??"]
[Source "www.chesslib.no"]
[SourceDate "2004.05.04"]

1. d4 d5 2. Nc3 Nf6 3. Nf3 g6 4. Bf4 Bg7 5. h3 O-O 6. e3 b6 7. Be2 Bb7 8. O-O Nbd7 9. a4 a6 10. a5 b5 11. b4 Ne8 12. Ra3 Nd6 13. Re1 Nf6 14. Ne5 Nc4 15. Rb3 Nd7 16. Nxd7 Qxd7 17. Bf3 Rad8 18. Na2 f6 19. Nc1 e5 20. Bg3 e4 21. Be2 f5 22. Rb1 g5 23. Nb3 f4 24. Bg4 Qf7 25. exf4 gxf4 26. Bh4 Rd6 27. Nc5 Bc8 28. Bh5 Rg6 29. Kh1 f3 30. g4 Qf4 31. Bg3 Qh6 32. Bh2 Rg5 33. Rg1 e3 34. Rg3 0-1

[Event "Match Nakamura vs Karjakin"]
[Site "?"]
[Date "2004.12.17"]
[Round "7.3"]
[White "Eriksson Jonas"]
[Black "Mellado Triviño Juan"]
[Result "1/2-1/2"]
[WhiteElo "2292"]
[BlackElo "2423"]
[PlyCount "84"]
[EventDate "2004.??.??"]
[Source "www.chesslib.no"]
[SourceDate "2004.05.04"]

1. d4 d5 2. Nc3 e6 3. Nf3 Nf6 4. Bf4 c5 5. e3 a6 6. Ne5 Nc6 7. Be2 cxd4 8. exd4 Qb6 9. Nxc6 Qxc6 10. O-O Bd6 11. Qd2 Qc7 12. Bxd6 Qxd6 13. a4 Bd7 14. Rfe1 O-O 15. Bf3 Rfc8 16. Ne2 b5 17. axb5 axb5 18. Nf4 Qb6 19. c3 Rxa1 20. Rxa1 b4 21. Nd3 bxc3 22. bxc3 Bb5 23. Qb2 Nd7 24. Nb4 Bc4 25. g3 g6 26. Ra3 Kg7 27. Qa1 Nf6 28. Ra7 Ne8 29. h4 h5 30. Ra3 Nd6 31. Qe1 Nb5 32. Ra6 Nxd4 33. Qe5+ f6 34. Qxd4 Qxd4 35. cxd4 Bxa6 36. Nxa6 Rc4 37. Nc5 Kf7 38. Nb3 Rc3 39. Bd1 Rd3 40. Bc2 Rc3 41. Bd1 Rd3 42. Bc2 Rc3 1/2-1/2

[Event "BRA Ch"]
[Site "Sao Luis"]
[Date "1981.05.??"]
[Round "10"]
[White "Filguth, Rubens A"]
[Black "Braga, Cicero"]
[Result "1/2-1/2"]
[WhiteElo "2375"]
[BlackElo "2340"]
[PlyCount "27"]
[EventDate "1981.05.??"]
[Source "www.chesslib.no"]
[SourceDate "2004.05.04"]

1. d4 d5 2. Nc3 Nf6 3. e4 dxe4 4. f3 e3 5. Bc4 e6 6. Bxe3 Nbd7 7. Nge2 Be7 8. Qd2 O-O 9. O-O-O Nb6 10. Bd3 Nbd5 11. Bf2 b6 12. Kb1 Bb7 13. h4 Rc8 14. Ne4 1/2-1/2

[Event "Berliner Sommer"]
[Site "Berlin"]
[Date "1995.??.??"]
[Round "2"]
[White "Voss, Ingo"]
[Black "Zontakh, Andrey"]
[Result "0-1"]
[WhiteElo "2250"]
[BlackElo "2460"]
[PlyCount "59"]
[EventDate "1995.08.??"]
[Source "ChessBase"]

1. d4 d5 2. Nc3 c6 3. Nf3 Nf6 4. g3 g6 5. Bg2 Bg7 6. O-O O-O 7. Ne5 Bf5 8. e3 Ne4 9. Nxe4 Bxe4 10. f3 Bf5 11. g4 Bc8 12. f4 Nd7 13. Rb1 Qc7 14. Kh1 Nxe5 15. fxe5 f6 16. exf6 exf6 17. e4 dxe4 18. Bxe4 Be6 19. c3 Rae8 20. Bf4 Qd7 21. Bf3 Bd5 22. Kg2 g5 23. Bg3 f5 24. gxf5 Bc4 25. Re1 Qxf5 26. Rxe8 Rxe8 27. b3 Bd5 28. Bxd5+ Qxd5+ 29. Qf3 Re2+ 30. Bf2 0-1

[Event "Kladovo"]
[Site "?"]
[Date "1980.04.20"]
[Round "11"]
[White "Maksimovic Branimir"]
[Black "Abramovic Bosko"]
[Result "0-1"]
[WhiteElo "2295"]
[BlackElo "2415"]
[PlyCount "96"]
[EventDate "1980.??.??"]
[Source "www.chesslib.no"]
[SourceDate "2004.05.04"]

1. d4 d5 2. Nc3 Bf5 3. f3 e6 4. e4 Bg6 5. Nge2 Bb4 6. a3 Ba5 7. b4 Bb6 8. exd5 exd5 9. h4 h6 10. Nf4 Ne7 11. Nce2 Nd7 12. c3 c6 13. Nxg6 Nxg6 14. h5 Ne7 15. Bf4 Bc7 16. Kf2 a5 17. Bxc7 Qxc7 18. Ng3 O-O 19. Bd3 Nf6 20. Qd2 b6 21. Rae1 axb4 22. axb4 Rfe8 23. Re5 Nd7 24. Re2 Kf8 25. Rhe1 Ng8 26. Rxe8+ Rxe8 27. Rxe8+ Kxe8 28. Nf5 Kf8 29. Qe3 Ndf6 30. Qe5 Qxe5 31. dxe5 Nxh5 32. Ke3 g6 33. Nd6 Ne7 34. g4 Ng7 35. f4 Ne8 36. Ba6 f5 37. Bc8 fxg4 38. Bxg4 Nxd6 39. exd6 Nf5+ 40. Kd3 Ke8 41. b5 Kd7 42. Bf3 Kxd6 43. bxc6 Ne7 44. c4 dxc4+ 45. Kxc4 Nxc6 46. Be4 Ne7 47. Kb5 Kc7 48. Kc4 Kd6 0-1

[Event "Bucharest Dreptatea"]
[Site "Bucharest ROM"]
[Date "1995.??.??"]
[Round "2"]
[White "Aronian, Levon"]
[Black "Dumitran, Octavian"]
[Result "1/2-1/2"]
[WhiteElo "2330"]
[BlackElo "2380"]
[PlyCount "29"]
[EventDate "1995.??.??"]
[Source "www.chesslib.no"]
[SourceDate "2004.05.04"]

1. d4 d5 2. Nc3 Bf5 3. f3 e6 4. e4 Bg6 5. Nge2 Nc6 6. Be3 dxe4 7. fxe4 Nf6 8. e5 Nd5 9. Nxd5 Qxd5 10. c3 O-O-O 11. Nf4 Qe4 12. Qf3 Qxf3 13. gxf3 Ne7 14. Bd3 Nd5 15. Nxg6 1/2-1/2

[Event "ch-VSZ"]
[Site "?"]
[Date "2005.07.30"]
[Round "3"]
[White "Jovanovic Zo CRO"]
[Black "Hodak Stevo"]
[Result "1/2-1/2"]
[WhiteElo "2482"]
[BlackElo "2225"]
[PlyCount "34"]
[EventDate "2005.??.??"]
[Source "www.chesslib.no"]
[SourceDate "2004.05.04"]

1. d4 d5 2. Nc3 Bf5 3. Bg5 Nc6 4. e3 Qd7 5. Nf3 a6 6. Bd3 Bxd3 7. Qxd3 e6 8. e4 dxe4 9. Qxe4 h6 10. d5 hxg5 11. dxc6 Qxc6 12. Qxc6+ bxc6 13. Ne5 Bb4 14. Ke2 Bxc3 15. bxc3 Nf6 16. f3 Rb8 17. h4 Ke7 1/2-1/2

[Event "3. Open"]
[Site "?"]
[Date "1999.06.13"]
[Round "2"]
[White "Burlai Oleg"]
[Black "Volodin Alexey"]
[Result "1-0"]
[WhiteElo "2405"]
[BlackElo "2300"]
[PlyCount "111"]
[EventDate "1999.??.??"]
[Source "www.chesslib.no"]
[SourceDate "2004.05.04"]

1. d4 d5 2. Nc3 f5 3. Bg5 Nf6 4. Bxf6 exf6 5. e3 c6 6. Bd3 Bd6 7. Qf3 g6 8. Nge2 Be6 9. h3 Na6 10. Nf4 Qd7 11. Bxa6 bxa6 12. Na4 Bf7 13. Nd3 O-O 14. Nac5 Qc7 15. c3 Rfe8 16. O-O-O Re4 17. g4 f4 18. exf4 Bxf4+ 19. Kb1 g5 20. Rhe1 Qa5 21. Nxf4 Rxf4 22. Qg3 Qb5 23. f3 Rb8 24. Rd2 Qc4 25. Ka1 Rb5 26. Rc1 Rxc5 27. b3 Qxc3+ 28. Rxc3 Rxc3 29. Qe1 Rfxf3 30. Qe7 Kg7 31. Kb2 Rxh3 32. Re2 Rcf3 33. Qxa7 Re3 34. Rc2 Re6 35. Qxa6 h5 36. gxh5 g4 37. Qf1 Rxh5 38. a4 Bg6 39. Rg2 Rg5 40. a5 Be4 41. Rg3 Bf3 42. a6 Re7 43. Qc1 Rh5 44. Qxc6 Rh2+ 45. Ka3 Rh1 46. Kb4 f5 47. Qd6 Rf7 48. Qf4 Kf6 49. Kc5 Re7 50. b4 Re4 51. Qd6+ Kg5 52. a7 Re8 53. b5 f4 54. Rxf3 gxf3 55. Qxd5+ Kh4 56. Qxf3 1-0